000 00307nam a22001337a 4500
008 170412b xxu||||| |||| 00| 0 eng d
020 _a9780323043670
041 _aeng
080 _29 ED
_a618
100 _a10
101 _aSHM
245 _aMATERNITY WOMENS HEALTH CARE
_cFAAN.R.N.C
942 _2udc
_cBK
999 _c10491
_d10491